000 00467nam a2200169 4500
001 114011
003 ES-MaACL
005 20230906190045.0
007 t|
008 061121s1969 sp r ||||1| spa d
100 1 _aNorris, P. E.
_986002
245 1 3 _aLa miel /
_cP. E. Norris ; traducción de Antonio Manfredi.
260 _aMadrid :
_bReus,
_c1969.
300 _a60 p. ;
_c19 cm.
700 1 _aManfredi, Antonio.
_975995
852 _aES-MaACL
_jC-50812
_bR.72610
999 _c114011
_d114011